000 01139cam a2200241 4500
001 WB3941-17
008 031028n2003 000 0 eng u
035 _a(Sirsi) u124099
245 _aProposals to rationalise compensation for notifiable diseases
260 _c2003
490 _aDEFRA News Release
_v(443/03) 27 October 2003 (2)
520 _aDefra and the Welsh Assembly Government revealed proposals to rationalise compensation for notifiable diseases. The main aim of the measures is to create a simple system that will deliver predictable levels of compensation for livestock farmers who lose stock to notifiable animal diseases. Consultation document http://www.defra.gov.uk/corporate/consult/current.htm The deadline for responses is 7 January 2004. http://www.gnn.gov.uk/gnn/national.nsf/Daily+News/74FF5B484971BE3380256DCC0054687E?opendocument.
590 _aWB
650 _aDEFRA
650 _aCOMPENSATION
650 _aLIVESTOCK FARMING
650 _aNOTIFIABLE ANIMAL DISEASES
650 _aCONSULTATION PAPERS
650 _aMONITORING
650 _aFAIR VALUATION
690 _aRURAL
_96268
942 _n0
999 _c73664
_d73664